[Event "73rd ARM-chW Highest League 2018"]
[Site "Yerevan"]
[Date "2018.01.13"]
[Round "2"]
[White "Asatryan, Sona"]
[Black "Arakelyan, Nare"]
[Result "0-1"]
[WhiteElo "2111"]
[BlackElo "1747"]
[Annotator "NA"]
[PlyCount "88"]
[EventDate "2018.??.??"]
[EventType "tourn"]
[EventCountry "ARM"]
[SourceTitle "playchess.com"]
[Source "ChessBase"]
[SourceQuality "1"]
[TimeControl "40/5400+30:1800+30"]

1. e4 {[%emt 0:00:00]} d6 {[%emt 0:00:22]} 2. d4 {[%emt 0:00:00]} g6 {[%emt 0:00:05]} 3. Nc3 {[%emt 0:00:00]} Bg7 {[%emt 0:00:05]} 4. f4 {[%emt 0:00:00]} a6 {[%emt 0:00:17]} 5. a4 {[%emt 0:01:04]} b6 {[%emt 0:03:49]} 6. Nf3 {[%emt 0:01:28]} Bb7 {[%emt 0:00:51]} 7. Bd3 {[%emt 0:02:26]} Nd7 {[%emt 0:18:54]} 8. O-O {[%emt 0:09:04]} e5 {[%emt 0:09:04]} 9. fxe5 {[%emt 0:13:16]} dxe5 {[%emt 0:00:11]} 10. Bg5 {[%emt 0:08:55]} Ne7 {[%emt 0:06:26]} 11. dxe5 {[%emt 0:03:39]} Nxe5 {[%emt 0:04:22]} 12. Nxe5 {[%emt 0:00:54]} Qd4+ {[%emt 0:01:36]} 13. Kh1 {[%emt 0:01:04]} Qxe5 {[%emt 0:00:04]} 14. Qf3 {[%emt 0:02:46]} f5 {[%emt 0:12:06]} 15. Rae1 {[%emt 0:04:16]} O-O {[%emt 0:06:38]} 16. Bxe7 {[%emt 0:06:02]} Qxe7 {[%emt 0:00:39]} 17. exf5 {[%emt 0:00:26]} Qxe1 {[%emt 0:01:19]} 18. Qxb7 {[%emt 0:00:57]} Qe5 {[%emt 0:03:45]} 19. Nd5 {[%emt 0:04:42]} Rad8 {[%emt 0:07:29]} 20. Nf4 {[%emt 0:06:35]} gxf5 {[%emt 0:10:09]} 21. Bc4+ {[%emt 0:06:24]} Kh8 {[%emt 0:00:03]} 22. Ne6 {[%emt 0:01:42]} Rb8 {[%emt 0:00:02]} 23. Qf3 {[%emt 0:01:32]} Rf6 {[%emt 0:00:50]} 24. Ng5 {[%emt 0:01:39]} Qe7 {[%emt 0:03:19]} 25. Qh5 {[%emt 0:04:46]} Bh6 {[%emt 0:00:18]} 26. Nf3 {[%emt 0:01:32]} b5 {[%emt 0:05:36]} 27. axb5 {[%emt 0:01:46]} axb5 28. Re1 Qb4 {[%emt 0:02:36]} 29. Bd3 {[%emt 0:08:43]} Rbf8 {[%emt 0:02:07]} 30. h3 {[%emt 0:00:29]} Qxb2 {[%emt 0:00:58]} 31. Nh4 {[%emt 0:00:58]} Qc3 {[%emt 0:00:36]} 32. Rf1 {[%emt 0:02:02]} c5 {[%emt 0:00:53]} 33. Bxf5 {[%emt 0:02:30]} Qg3 {[%emt 0:00:43]} 34. Rf3 {[%emt 0:01:25]} Qg5 {[%emt 0:00:13]} 35. Qg4 {[%emt 0:01:53]} Qc1+ {[%emt 0:00:33]} 36. Kh2 {[%emt 0:00:07]} Be3 {[%emt 0:00:09]} 37. Qh5 {[%emt 0:02:25]} Bg1+ {[%emt 0:00:35]} 38. Kg3 {[%emt 0:00:06]} Rg8+ {[%emt 0:00:28]} 39. Ng6+ {[%emt 0:00:40]} Rgxg6+ {[%emt 0:00:06]} 40. Bxg6 {[%emt 0:00:00]} Rxg6+ {[%emt 0:00:18]} 41. Kh4 {[%emt 0:01:01]} Rh6 {[%emt 0:00:21]} 42. Rf8+ {[%emt 0:00:57]} Kg7 {[%emt 0:01:02]} 43. Rf7+ {[%emt 0:00:04]} Kg8 {[%emt 0:00:05]} 44. Rf1 {[%emt 0:00:32]} Rxh5+ {[%emt 0:00:16]} 0-1

[Event "73rd ARM-chW Highest League 2018"]
[Site "Yerevan"]
[Date "2018.01.13"]
[Round "2"]
[White "Khachatryan, Anna"]
[Black "Gaboyan, Susanna"]
[Result "1/2-1/2"]
[WhiteElo "2004"]
[BlackElo "2168"]
[Annotator "NA"]
[PlyCount "41"]
[EventDate "2018.??.??"]
[EventType "tourn"]
[EventCountry "ARM"]
[SourceTitle "playchess.com"]
[Source "ChessBase"]
[SourceQuality "1"]
[TimeControl "40/5400+30:1800+30"]

1. d4 {[%emt 0:00:00]} Nf6 {[%emt 0:02:56]} 2. c4 {[%emt 0:00:00]} g6 {[%emt 0:00:10]} 3. Nc3 {[%emt 0:00:00]} d5 {[%emt 0:00:06]} 4. cxd5 {[%emt 0:00:12]} Nxd5 {[%emt 0:00:06]} 5. e4 {[%emt 0:00:03]} Nxc3 {[%emt 0:00:06]} 6. bxc3 {[%emt 0:00:01]} Bg7 {[%emt 0:00:07]} 7. Nf3 {[%emt 0:00:25]} c5 {[%emt 0:00:08]} 8. Rb1 {[%emt 0:00:17]} O-O {[%emt 0:01:04]} 9. Be2 {[%emt 0:01:30]} Nc6 {[%emt 0:00:12]} 10. d5 {[%emt 0:04:49]} Bxc3+ {[%emt 0:02:03]} 11. Bd2 {[%emt 0:00:00]} Bxd2+ {[%emt 0:00:16]} 12. Qxd2 {[%emt 0:00:08]} Nd4 {[%emt 0:02:16]} 13. Nxd4 {[%emt 0:05:41]} cxd4 {[%emt 0:00:09]} 14. Qxd4 {[%emt 0:06:51]} Qa5+ {[%emt 0:04:56]} 15. Qd2 {[%emt 0:16:00]} Qxd2+ {[%emt 0:01:31]} 16. Kxd2 {[%emt 0:00:01]} Rd8 {[%emt 0:00:24]} 17. Ke3 {[%emt 0:02:00]} b6 {[%emt 0:05:10]} 18. Rhc1 {[%emt 0:07:56]} e6 {[%emt 0:07:18]} 19. Bc4 {[%emt 0:04:09]} Bd7 {[%emt 0:02:13]} 20. dxe6 {[%emt 0:03:33]} fxe6 {[%emt 0:00:07]} 21. Bb3 {[%emt 0:18:57]} 1/2-1/2

[Event "73rd ARM-chW Highest League 2018"]
[Site "Yerevan"]
[Date "2018.01.14"]
[Round "3"]
[White "Kursova, Maria"]
[Black "Khachatryan, Anna"]
[Result "1-0"]
[WhiteElo "2249"]
[BlackElo "2004"]
[Annotator "ChessBase"]
[PlyCount "155"]
[EventDate "2018.??.??"]
[EventType "tourn"]
[EventCountry "ARM"]
[SourceTitle "playchess.com"]
[Source "ChessBase"]
[SourceQuality "1"]
[TimeControl "40/5400+30:1800+30"]

1. d4 {[%emt 0:00:00]} Nf6 {[%emt 0:00:15]} 2. Nf3 {[%emt 0:00:00]} g6 {[%emt 0:00:07]} 3. c4 {[%emt 0:00:03]} Bg7 {[%emt 0:00:27]} 4. g3 {[%emt 0:00:16]} O-O {[%emt 0:00:06]} 5. Bg2 {[%emt 0:00:13]} d6 {[%emt 0:00:10]} 6. Nc3 {[%emt 0:00:43]} c6 {[%emt 0:00:46]} 7. O-O {[%emt 0:00:21]} Qb6 {[%emt 0:00:12]} 8. b3 {[%emt 0:06:47]} Qa5 {[%emt 0:00:26]} 9. Qd2 {[%emt 0:00:43]} Qh5 {[%emt 0:00:05]} 10. Qg5 {[%emt 0:01:27]} Qxg5 {[%emt 0:00:04]} 11. Bxg5 {[%emt 0:00:25]} h6 {[%emt 0:00:03]} 12. Be3 {[%emt 0:09:33]} a6 {[%emt 0:05:20]} 13. h3 {[%emt 0:07:47]} b5 {[%emt 0:03:19]} 14. Rac1 {[%emt 0:11:28]} bxc4 {[%emt 0:33:45]} 15. bxc4 {[%emt 0:00:16]} Be6 {[%emt 0:09:44]} 16. Nd2 {[%emt 0:09:46]} Rc8 {[%emt 0:01:26]} 17. Rb1 {[%emt 0:17:02]} Nbd7 {[%emt 0:06:52]} 18. Rb3 {[%emt 0:11:40]} Ne8 {[%emt 0:10:25]} 19. d5 {[%emt 0:07:26]} cxd5 {[%emt 0:00:35]} 20. Nxd5 {[%emt 0:00:16]} Bxd5 {[%emt 0:09:12]} 21. Bxd5 {[%emt 0:00:04]} Rab8 {[%emt 0:00:22]} 22. Bb7 {[%emt 0:07:58]} Nc5 {[%emt 0:01:21]} 23. Bxc8 {[%emt 0:03:51]} Nxb3 {[%emt 0:00:04]} 24. axb3 {[%emt 0:02:16]} Rxc8 {[%emt 0:00:13]} 25. Rb1 {[%emt 0:01:09]} Rb8 {[%emt 0:03:20]} 26. Kf1 {[%emt 0:00:18]} Nc7 {[%emt 0:03:07]} 27. Nf3 {[%emt 0:00:45]} Ne6 {[%emt 0:00:58]} 28. Ke1 {[%emt 0:00:32]} Kf8 {[%emt 0:00:17]} 29. Kd2 {[%emt 0:00:08]} Ke8 {[%emt 0:00:24]} 30. Kc2 {[%emt 0:00:04]} Kd7 {[%emt 0:01:01]} 31. Rd1 {[%emt 0:00:10]} Kc6 {[%emt 0:00:27]} 32. Rd5 {[%emt 0:01:05]} Nc7 {[%emt 0:07:48]} 33. Ra5 {[%emt 0:00:04]} e6 {[%emt 0:00:56]} 34. Bd4 {[%emt 0:01:32]} Bxd4 {[%emt 0:00:42]} 35. Nxd4+ {[%emt 0:00:02]} Kb6 {[%emt 0:02:18]} 36. Ra4 {[%emt 0:00:04]} Kc5 {[%emt 0:00:23]} 37. Kc3 {[%emt 0:00:19]} e5 {[%emt 0:01:21]} 38. Nf3 {[%emt 0:01:45]} Kc6 {[%emt 0:00:24]} 39. b4 {[%emt 0:00:30]} Kb6 {[%emt 0:00:06]} 40. Ra1 {[%emt 0:00:00]} Rc8 {[%emt 0:01:05]} 41. Rd1 {[%emt 0:06:31]} Kc6 {[%emt 0:04:47]} 42. c5 {[%emt 0:06:19]} Nb5+ {[%emt 0:04:28]} 43. Kb3 {[%emt 0:00:03]} e4 {[%emt 0:02:23]} 44. Nd4+ {[%emt 0:07:26]} Nxd4+ {[%emt 0:00:21]} 45. Rxd4 {[%emt 0:00:02]} dxc5 {[%emt 0:01:12]} 46. bxc5 {[%emt 0:01:10]} e3 {[%emt 0:18:20]} 47. f3 {[%emt 0:05:04]} Rb8+ {[%emt 0:00:39]} 48. Kc4 {[%emt 0:00:04]} Rb2 {[%emt 0:00:40]} 49. Rd6+ {[%emt 0:00:04]} Kc7 {[%emt 0:00:42]} 50. Rxa6 {[%emt 0:02:59]} Rxe2 {[%emt 0:00:02]} 51. Kd3 {[%emt 0:01:44]} Rg2 {[%emt 0:01:08]} 52. g4 {[%emt 0:01:10]} e2 {[%emt 0:00:34]} 53. Kd2 {[%emt 0:00:31]} Rh2 {[%emt 0:01:03]} 54. Rf6 {[%emt 0:00:20]} Rxh3 {[%emt 0:00:41]} 55. Kxe2 {[%emt 0:00:05]} g5 {[%emt 0:00:13]} 56. Ke3 {[%emt 0:01:06]} Kd7 {[%emt 0:00:32]} 57. Rxf7+ {[%emt 0:00:56]} Ke6 {[%emt 0:00:13]} 58. Rf5 {[%emt 0:01:39]} Rh1 {[%emt 0:00:18]} 59. Kd4 {[%emt 0:00:21]} Kd7 {[%emt 0:01:04]} 60. Ke5 {[%emt 0:00:32]} Ke7 {[%emt 0:00:23]} 61. Kd5 {[%emt 0:00:07]} Rc1 {[%emt 0:00:35]} 62. Kc6 {[%emt 0:00:30]} Ke6 {[%emt 0:00:41]} 63. Kb7 {[%emt 0:00:38]} Kd7 {[%emt 0:00:25]} 64. Rd5+ {[%emt 0:02:03]} Ke6 {[%emt 0:00:10]} 65. Kc6 {[%emt 0:00:46]} Ra1 {[%emt 0:00:46]} 66. Rf5 {[%emt 0:00:35]} Ra3 {[%emt 0:00:35]} 67. Kc7 {[%emt 0:00:34]} Ra7+ {[%emt 0:00:30]} 68. Kb6 {[%emt 0:00:17]} Ra3 {[%emt 0:00:21]} 69. c6 {[%emt 0:00:39]} Rb3+ {[%emt 0:00:02]} 70. Kc7 {[%emt 0:01:15]} Ke7 {[%emt 0:00:15]} 71. Kc8 {[%emt 0:00:16]} Rc3 {[%emt 0:00:50]} 72. c7 {[%emt 0:00:07]} Rb3 {[%emt 0:00:00]} 73. Rc5 {[%emt 0:01:01]} Rb4 {[%emt 0:00:39]} 74. Rc6 {[%emt 0:00:12]} Rb3 {[%emt 0:00:37]} 75. Rxh6 {[%emt 0:00:04]} Ke8 {[%emt 0:00:35]} 76. Re6+ {[%emt 0:00:14]} Kf7 {[%emt 0:00:03]} 77. Kd7 {[%emt 0:00:15]} Rb7 {[%emt 0:00:19]} 78. Rc6 {[%emt 0:00:07]} 1-0

[Event "73rd ARM-chW Highest League 2018"]
[Site "Yerevan"]
[Date "2018.01.14"]
[Round "3"]
[White "Gaboyan, Susanna"]
[Black "Sargsyan, Anna M"]
[Result "0-1"]
[WhiteElo "2168"]
[BlackElo "2214"]
[Annotator "ChessBase"]
[PlyCount "132"]
[EventDate "2018.??.??"]
[EventType "tourn"]
[EventCountry "ARM"]
[SourceTitle "playchess.com"]
[Source "ChessBase"]
[SourceQuality "1"]
[TimeControl "40/5400+30:1800+30"]

1. d4 d5 2. c4 c6 3. Nc3 Nf6 4. Nf3 e6 5. Bg5 dxc4 6. e4 b5 7. e5 h6 8. Bh4 g5 9. Nxg5 hxg5 10. Bxg5 Nbd7 11. exf6 Bb7 12. g3 Qb6 13. Bg2 c5 14. d5 O-O-O 15. O-O b4 16. Rb1 Qa6 17. dxe6 Bxg2 18. e7 Bxf1 19. Kxf1 Bxe7 20. fxe7 Rdg8 21. Ne4 Qe6 22. Nd6+ Kc7 23. Bf4 Qh3+ 24. Ke1 Qe6+ 25. Qe2 Kc6 26. Rd1 Nf6 27. Nxc4 Nd5 28. Rxd5 Qxe2+ 29. Kxe2 Kxd5 30. Nd6 c4 31. h4 Rg6 32. Nxf7 Re8 33. Kd2 Rxe7 34. Ng5 Rc6 35. Be3 c3+ 36. Kc2 Ra6 37. bxc3 Rc7 38. h5 bxc3 39. a4 Rxa4 40. h6 Ra2+ 41. Kb1 Ra6 42. h7 c2+ 43. Kb2 Rb6+ 44. Ka2 Rh6 45. Kb2 Rh1 46. Bc1 Rb7+ 47. Kxc2 Rc7+ 48. Kb2 Rcxc1 49. h8=Q Rb1+ 50. Ka2 Rxh8 51. Kxb1 Rh1+ 52. Kb2 Rh2 53. Ka3 Rxf2 54. Kb4 Rg2 55. Nf3 Rxg3 56. Nd2 Kc6 57. Nb3 Kb6 58. Ka4 a5 59. Ka3 Kb5 60. Ka2 Kb4 61. Nd4 Rg2+ 62. Kb1 a4 63. Nc2+ Kc3 64. Ne3 Rh2 65. Nf5 a3 66. Ng3 Kb3 0-1

[Event "73rd ARM-chW Highest League 2018"]
[Site "Yerevan"]
[Date "2018.01.14"]
[Round "3"]
[White "Ghukasyan, Siranush"]
[Black "Galojan, Lilit"]
[Result "0-1"]
[WhiteElo "2166"]
[BlackElo "2300"]
[Annotator "ChessBase"]
[PlyCount "100"]
[EventDate "2018.??.??"]
[EventType "tourn"]
[EventCountry "ARM"]
[SourceTitle "playchess.com"]
[Source "ChessBase"]
[SourceQuality "1"]
[TimeControl "40/5400+30:1800+30"]

1. e4 {[%emt 0:00:34]} e5 {[%emt 0:00:08]} 2. Nf3 {[%emt 0:00:13]} Nc6 {[%emt 0:00:06]} 3. Bb5 {[%emt 0:00:03]} a6 {[%emt 0:00:10]} 4. Ba4 {[%emt 0:00:08]} Nf6 {[%emt 0:00:14]} 5. O-O {[%emt 0:00:49]} Be7 {[%emt 0:00:07]} 6. d3 {[%emt 0:00:05]} d6 {[%emt 0:00:16]} 7. c3 {[%emt 0:00:42]} O-O {[%emt 0:01:20]} 8. Nbd2 {[%emt 0:00:32]} Re8 {[%emt 0:03:07]} 9. d4 {[%emt 0:09:23]} Bd7 {[%emt 0:07:42]} 10. Re1 {[%emt 0:09:08]} Bf8 {[%emt 0:02:41]} 11. Bc2 {[%emt 0:03:34]} Bg4 {[%emt 0:08:06]} 12. h3 {[%emt 0:01:00]} Bh5 {[%emt 0:00:29]} 13. d5 {[%emt 0:02:51]} Nb8 {[%emt 0:13:09]} 14. g4 {[%emt 0:00:46]} Bg6 {[%emt 0:00:24]} 15. Nf1 {[%emt 0:00:15]} c6 {[%emt 0:01:01]} 16. c4 {[%emt 0:00:49]} b5 {[%emt 0:02:24]} 17. b3 {[%emt 0:01:44]} cxd5 {[%emt 0:00:23]} 18. cxd5 {[%emt 0:00:11]} Nbd7 {[%emt 0:01:41]} 19. Bd2 {[%emt 0:04:49]} Qc7 {[%emt 0:04:51]} 20. Rc1 {[%emt 0:00:33]} Rec8 {[%emt 0:00:52]} 21. Ng3 {[%emt 0:00:39]} Qd8 {[%emt 0:04:20]} 22. h4 {[%emt 0:19:44]} h6 {[%emt 0:13:41]} 23. g5 {[%emt 0:02:51]} hxg5 {[%emt 0:12:13]} 24. hxg5 {[%emt 0:00:25]} Nh5 {[%emt 0:08:59]} 25. Nxe5 {[%emt 0:09:49]} dxe5 {[%emt 0:01:48]} 26. Nxh5 {[%emt 0:00:10]} Ba3 {[%emt 0:00:10]} 27. Ng3 {[%emt 0:04:59]} Nb6 {[%emt 0:11:39]} 28. Rb1 {[%emt 0:06:38]} Nxd5 {[%emt 0:00:42]} 29. b4 {[%emt 0:00:59]} Nc3 {[%emt 0:01:18]} 30. Bxc3 {[%emt 0:00:06]} Rxc3 {[%emt 0:00:40]} 31. Qxd8+ {[%emt 0:08:20]} Rxd8 {[%emt 0:00:05]} 32. Red1 {[%emt 0:01:38]} Rdc8 {[%emt 0:01:03]} 33. Bd3 {[%emt 0:01:29]} Rc1 {[%emt 0:00:23]} 34. Rdxc1 {[%emt 0:03:11]} Rxc1+ {[%emt 0:00:35]} 35. Rxc1 {[%emt 0:00:22]} Bxc1 {[%emt 0:00:01]} 36. Ne2 {[%emt 0:02:37]} Bd2 {[%emt 0:00:55]} 37. a3 {[%emt 0:00:33]} Bh5 {[%emt 0:00:28]} 38. Kg2 {[%emt 0:01:07]} Bxg5 {[%emt 0:00:28]} 39. Nc3 {[%emt 0:00:18]} Bc1 {[%emt 0:00:25]} 40. a4 {[%emt 0:00:00]} Bd2 {[%emt 0:00:13]} 41. Nb1 {[%emt 0:04:49]} Bxb4 {[%emt 0:04:06]} 42. axb5 {[%emt 0:00:03]} axb5 {[%emt 0:01:07]} 43. Bxb5 {[%emt 0:00:01]} Bd1 {[%emt 0:00:56]} 44. Bd3 {[%emt 0:00:14]} Kh7 {[%emt 0:05:44]} 45. Kg3 {[%emt 0:01:40]} Kh6 {[%emt 0:00:44]} 46. Kh4 {[%emt 0:02:14]} Kg6 {[%emt 0:00:54]} 47. Kh3 {[%emt 0:01:49]} Kg5 {[%emt 0:05:09]} 48. Kg3 {[%emt 0:00:25]} f6 {[%emt 0:00:30]} 49. Kg2 {[%emt 0:05:13]} Kf4 {[%emt 0:00:14]} 50. Kf1 {[%emt 0:03:21]} Bf3 {[%emt 0:00:32]} 0-1

[Event "73rd ARM-chW Highest League 2018"]
[Site "Yerevan"]
[Date "2018.01.14"]
[Round "3"]
[White "Mkrtchyan, Mariam"]
[Black "Asatryan, Sona"]
[Result "1-0"]
[WhiteElo "1834"]
[BlackElo "2111"]
[Annotator "ChessBase"]
[PlyCount "123"]
[EventDate "2018.??.??"]
[EventType "tourn"]
[EventCountry "ARM"]
[SourceTitle "playchess.com"]
[Source "ChessBase"]
[SourceQuality "1"]
[TimeControl "40/5400+30:1800+30"]

1. d4 {[%emt 0:00:00]} Nf6 {[%emt 0:00:14]} 2. Nf3 {[%emt 0:00:00]} e6 {[%emt 0:00:05]} 3. c4 {[%emt 0:00:00]} b6 {[%emt 0:00:05]} 4. g3 {[%emt 0:00:19]} Bb7 {[%emt 0:00:04]} 5. Bg2 {[%emt 0:00:13]} Be7 {[%emt 0:00:08]} 6. O-O {[%emt 0:00:11]} O-O {[%emt 0:00:17]} 7. Nc3 {[%emt 0:00:13]} Ne4 {[%emt 0:00:05]} 8. Nxe4 {[%emt 0:01:15]} Bxe4 {[%emt 0:00:04]} 9. Ne1 {[%emt 0:00:09]} Bxg2 {[%emt 0:00:06]} 10. Nxg2 {[%emt 0:00:05]} d5 {[%emt 0:00:46]} 11. Qa4 {[%emt 0:01:21]} dxc4 {[%emt 0:01:07]} 12. Qxc4 {[%emt 0:00:07]} c5 {[%emt 0:00:12]} 13. dxc5 {[%emt 0:00:17]} Bxc5 {[%emt 0:00:16]} 14. Be3 {[%emt 0:00:15]} Bxe3 {[%emt 0:11:19]} 15. Nxe3 {[%emt 0:00:22]} Qc8 {[%emt 0:02:48]} 16. Qxc8 {[%emt 0:05:58]} Rxc8 {[%emt 0:00:40]} 17. Rac1 {[%emt 0:00:08]} Na6 {[%emt 0:03:31]} 18. Rfd1 {[%emt 0:00:43]} Kf8 {[%emt 0:00:44]} 19. Kf1 {[%emt 0:05:18]} Ke7 {[%emt 0:02:13]} 20. Ke1 {[%emt 0:00:29]} h5 {[%emt 0:06:16]} 21. h4 {[%emt 0:03:23]} b5 {[%emt 0:07:04]} 22. Nc2 {[%emt 0:11:19]} Nc5 {[%emt 0:05:51]} 23. Nd4 {[%emt 0:04:25]} a6 {[%emt 0:02:08]} 24. b3 {[%emt 0:04:44]} g6 {[%emt 0:03:17]} 25. Rc2 {[%emt 0:17:11]} e5 {[%emt 0:05:41]} 26. Rdc1 {[%emt 0:02:34]} exd4 {[%emt 0:03:25]} 27. Rxc5 {[%emt 0:00:07]} Rxc5 {[%emt 0:03:28]} 28. Rxc5 {[%emt 0:00:18]} Kd6 {[%emt 0:02:51]} 29. Rc2 {[%emt 0:03:32]} Re8 {[%emt 0:13:32]} 30. Kd2 {[%emt 0:01:57]} Re5 {[%emt 0:03:39]} 31. Rc8 {[%emt 0:09:58]} Rf5 {[%emt 0:05:10]} 32. f4 {[%emt 0:04:36]} Rf6 {[%emt 0:03:46]} 33. Kd3 {[%emt 0:07:17]} Kd7 {[%emt 0:02:53]} 34. Rc5 {[%emt 0:01:58]} Rd6 {[%emt 0:02:17]} 35. Re5 {[%emt 0:09:06]} f5 {[%emt 0:01:33]} 36. Rc5 {[%emt 0:01:05]} Ke7 {[%emt 0:05:14]} 37. a4 {[%emt 0:02:19]} bxa4 {[%emt 0:03:43]} 38. bxa4 {[%emt 0:00:01]} Rb6 {[%emt 0:01:21]} 39. Kxd4 {[%emt 0:00:45]} Kd6 {[%emt 0:01:03]} 40. Rd5+ {[%emt 0:00:00]} Ke6 {[%emt 0:00:51]} 41. Kc5 {[%emt 0:14:32]} Rb3 {[%emt 0:01:09]} 42. Rd3 {[%emt 0:00:06]} Rb2 {[%emt 0:00:27]} 43. Rd6+ {[%emt 0:06:15]} Kf7 {[%emt 0:00:18]} 44. Rxa6 {[%emt 0:00:09]} Rxe2 {[%emt 0:01:15]} 45. Ra7+ {[%emt 0:00:17]} Ke6 {[%emt 0:05:31]} 46. a5 {[%emt 0:00:42]} Rg2 {[%emt 0:02:06]} 47. a6 {[%emt 0:00:21]} Kf6 {[%emt 0:02:22]} 48. Ra8 {[%emt 0:05:59]} Kg7 {[%emt 0:02:07]} 49. Rd8 {[%emt 0:01:56]} Ra2 {[%emt 0:00:47]} 50. Kb6 {[%emt 0:00:03]} Rb2+ {[%emt 0:00:29]} 51. Kc7 {[%emt 0:01:48]} Rc2+ {[%emt 0:00:27]} 52. Kb7 {[%emt 0:00:01]} Rb2+ {[%emt 0:00:07]} 53. Ka8 {[%emt 0:00:11]} Rb3 {[%emt 0:00:59]} 54. Rb8 {[%emt 0:01:47]} Rxg3 {[%emt 0:00:15]} 55. a7 {[%emt 0:00:15]} g5 {[%emt 0:01:06]} 56. Kb7 {[%emt 0:00:58]} Rb3+ {[%emt 0:01:17]} 57. Kc7 {[%emt 0:00:17]} Ra3 {[%emt 0:00:24]} 58. a8=Q {[%emt 0:00:37]} Rxa8 {[%emt 0:00:08]} 59. Rxa8 {[%emt 0:00:02]} gxf4 {[%emt 0:01:06]} 60. Kd6 {[%emt 0:00:09]} Kf6 {[%emt 0:00:16]} 61. Rf8+ {[%emt 0:00:10]} Kg6 {[%emt 0:00:07]} 62. Ke5 {[%emt 0:00:02]} 1-0

[Event "73rd ARM-chW Highest League 2018"]
[Site "Yerevan"]
[Date "2018.01.14"]
[Round "3"]
[White "Arakelyan, Nare"]
[Black "Gevorgyan, Maria"]
[Result "0-1"]
[WhiteElo "1747"]
[BlackElo "2258"]
[Annotator "ChessBase"]
[PlyCount "140"]
[EventDate "2018.??.??"]
[EventType "tourn"]
[EventCountry "ARM"]
[SourceTitle "playchess.com"]
[Source "ChessBase"]
[SourceQuality "1"]
[TimeControl "40/5400+30:1800+30"]

1. e4 {[%emt 0:00:00]} c5 {[%emt 0:00:13]} 2. Nf3 {[%emt 0:00:00]} Nc6 {[%emt 0:01:09]} 3. Bb5 {[%emt 0:00:00]} e6 {[%emt 0:01:22]} 4. O-O {[%emt 0:00:22]} Nge7 {[%emt 0:00:12]} 5. d4 {[%emt 0:04:40]} cxd4 {[%emt 0:00:05]} 6. Nxd4 {[%emt 0:00:02]} a6 {[%emt 0:00:36]} 7. Be2 {[%emt 0:05:28]} Qc7 {[%emt 0:05:46]} 8. c4 {[%emt 0:03:00]} Nxd4 {[%emt 0:17:59]} 9. Qxd4 {[%emt 0:00:09]} Nc6 {[%emt 0:00:08]} 10. Qc3 {[%emt 0:06:39]} b6 {[%emt 0:06:51]} 11. Be3 {[%emt 0:05:14]} Bb7 {[%emt 0:00:51]} 12. Nd2 {[%emt 0:03:50]} Rg8 {[%emt 0:10:18]} 13. a3 {[%emt 0:10:57]} Bd6 {[%emt 0:03:46]} 14. f4 {[%emt 0:03:42]} g5 {[%emt 0:12:24]} 15. Qf6 {[%emt 0:09:59]} Be7 {[%emt 0:16:12]} 16. Qc3 {[%emt 0:08:37]} Bd6 {[%emt 0:03:47]} 17. Qf6 {[%emt 0:07:36]} Be7 {[%emt 0:00:01]} 18. Qc3 {[%emt 0:08:29]} O-O-O {[%emt 0:01:49]} 19. b4 {[%emt 0:01:08]} gxf4 {[%emt 0:02:33]} 20. Bxf4 {[%emt 0:00:50]} Bd6 {[%emt 0:00:00]} 21. Bxd6 {[%emt 0:01:17]} Qxd6 {[%emt 0:00:02]} 22. Rxf7 {[%emt 0:01:46]} Nd4 {[%emt 0:00:00]} 23. Bf1 {[%emt 0:03:58]} Qe5 {[%emt 0:00:12]} 24. Rc1 {[%emt 0:01:27]} Rg4 {[%emt 0:06:07]} 25. Kh1 {[%emt 0:02:31]} Bxe4 {[%emt 0:00:44]} 26. Nxe4 {[%emt 0:00:07]} Qxe4 {[%emt 0:00:14]} 27. Qe1 {[%emt 0:03:43]} Qg6 {[%emt 0:00:51]} 28. Rf2 {[%emt 0:00:14]} Rh4 {[%emt 0:03:24]} 29. Qe3 {[%emt 0:04:25]} Rg8 30. Rc3 {[%emt 0:02:45]} Re4 {[%emt 0:04:50]} 31. Qd2 {[%emt 0:00:33]} Qg5 {[%emt 0:00:59]} 32. Rg3 {[%emt 0:01:07]} Rg4 {[%emt 0:01:04]} 33. Qxg5 {[%emt 0:00:33]} R4xg5 {[%emt 0:00:08]} 34. Rh3 {[%emt 0:00:32]} h5 {[%emt 0:00:49]} 35. Rf7 {[%emt 0:00:27]} Re5 {[%emt 0:00:11]} 36. Kg1 {[%emt 0:00:32]} Rgg5 {[%emt 0:00:54]} 37. Rd3 {[%emt 0:00:30]} Rgf5 {[%emt 0:01:12]} 38. Rxf5 {[%emt 0:00:41]} Nxf5 {[%emt 0:00:01]} 39. Kf2 {[%emt 0:00:20]} Kc7 {[%emt 0:01:09]} 40. Be2 {[%emt 0:00:00]} Nd6 {[%emt 0:00:14]} 41. Rh3 {[%emt 0:04:43]} Ne4+ {[%emt 0:01:04]} 42. Kf1 {[%emt 0:01:40]} Nf6 {[%emt 0:00:17]} 43. Rf3 {[%emt 0:02:08]} Ng4 {[%emt 0:00:28]} 44. Rh3 {[%emt 0:01:20]} Rf5+ {[%emt 0:07:42]} 45. Ke1 {[%emt 0:02:19]} Kd6 {[%emt 0:03:50]} 46. Rd3+ {[%emt 0:02:27]} Ke7 {[%emt 0:01:28]} 47. h3 {[%emt 0:00:04]} Nf6 {[%emt 0:01:25]} 48. Rd4 {[%emt 0:02:48]} e5 {[%emt 0:01:22]} 49. Rh4 {[%emt 0:00:31]} e4 {[%emt 0:00:08]} 50. Kd2 {[%emt 0:01:32]} Kd6 {[%emt 0:01:14]} 51. Ke3 {[%emt 0:02:24]} Ke5 {[%emt 0:00:03]} 52. g3 {[%emt 0:03:56]} d6 {[%emt 0:12:34]} 53. Rf4 {[%emt 0:07:03]} Rxf4 {[%emt 0:02:16]} 54. gxf4+ {[%emt 0:00:03]} Kf5 {[%emt 0:00:02]} 55. Bd1 {[%emt 0:00:53]} d5 {[%emt 0:02:19]} 56. cxd5 {[%emt 0:00:11]} Nxd5+ {[%emt 0:00:09]} 57. Kd4 {[%emt 0:00:05]} Nxf4 {[%emt 0:00:08]} 58. Bc2 {[%emt 0:01:32]} Ne2+ {[%emt 0:00:05]} 59. Ke3 {[%emt 0:01:06]} Ng3 {[%emt 0:00:05]} 60. a4 {[%emt 0:00:56]} a5 {[%emt 0:00:13]} 61. bxa5 {[%emt 0:00:39]} bxa5 {[%emt 0:00:01]} 62. Bb1 {[%emt 0:00:56]} Ke5 {[%emt 0:00:06]} 63. Bc2 {[%emt 0:01:25]} Nf5+ {[%emt 0:00:06]} 64. Ke2 {[%emt 0:00:44]} Nd4+ {[%emt 0:00:07]} 65. Kd2 {[%emt 0:00:32]} Nxc2 {[%emt 0:01:23]} 66. Kxc2 {[%emt 0:00:03]} Kf4 {[%emt 0:00:04]} 67. Kd2 {[%emt 0:00:30]} Kf3 {[%emt 0:00:05]} 68. Ke1 {[%emt 0:00:17]} e3 {[%emt 0:00:09]} 69. Kf1 {[%emt 0:00:49]} e2+ {[%emt 0:00:05]} 70. Ke1 {[%emt 0:00:04]} h4 {[%emt 0:00:03]} 0-1

[Event "73rd ARM-chW Highest League 2018"]
[Site "Yerevan"]
[Date "2018.01.15"]
[Round "4"]
[White "Galojan, Lilit"]
[Black "Gaboyan, Susanna"]
[Result "*"]
[WhiteElo "2300"]
[BlackElo "2168"]
[Annotator "TA"]
[PlyCount "39"]
[EventDate "2018.??.??"]
[EventType "tourn"]
[EventCountry "ARM"]
[SourceTitle "playchess.com"]
[Source "ChessBase"]
[SourceQuality "1"]

{[%evp 2,2,21]} 1. c4 e6 {Predecessor:} 2. g3 $146 d5 3. Bg2 Nf6 4. b3 Be7 5. Bb2 O-O 6. Nf3 c5 7. cxd5 Nxd5 8. O-O Nc6 9. d4 cxd4 10. Nxd4 Bd7 11. Nc3 Nxc3 12. Bxc3 Rc8 13. Nb5 Be8 14. Rc1 a6 15. Qxd8 Nxd8 16. Nd4 Ba3 17. Bb2 Rxc1 18. Bxc1 Bc5 19. Be3 Bxd4 20. Bxd4 {½-½ (32) Svidler,P (2765)-Yu,Y (2751) Riadh 2017} *